| 000 | 00757nam a2200277Ia 4500 | ||
|---|---|---|---|
| 001 | 23093 | ||
| 005 | 20240114000707.0 | ||
| 007 | ta | ||
| 008 | 060324s1967 a g b000 u 465 u | ||
| 040 | _aCotton College,Assam | ||
| 041 | _a465 | ||
| 082 |
_a335.4 _bW 678 T |
||
| 100 | _aWilliams, Albert R. . | ||
| 245 | 0 |
_aThrough the Russian Revolution / _cAlbert R. Williams. _hTextual Documents |
|
| 250 | _a1st ed. / | ||
| 260 |
_aMoscow : _bProgress Publishers , _c1967. |
||
| 300 |
_a238p. : _bill,maps ; _c22cm . |
||
| 653 | _aEconomics | ||
| 653 | _aG-Economics | ||
| 653 | _aPolitical Economy | ||
| 653 | _aPolitical Economy-Russia | ||
| 653 | _aRussian Revolution | ||
| 942 |
_2ddc _cBK |
||
| 999 |
_c23075 _d23075 |
||